000 00423nam a22001577a 4500
008 230605b xxu||||| |||| 00| 0 eng d
020 _a904111727X
082 _a321.8
_bDEM
100 _cDavid Beetham
245 _aHandbook on Democracy Assessment
_bkluwer law international
260 _aNetherlands
_bkluwer law international
300 _a144p
600 _csarah Bracking
700 _cIain Kearton
942 _2ddc
_cBK
999 _c250
_d250